| 000 | 01263nam0a2200313 4500 | ||
|---|---|---|---|
| 001 | RU\NLR\bibl\828679 | ||
| 005 | 20250614140907.0 | ||
| 010 |
_a5-98187-069-9 _91000 |
||
| 021 |
_aRU _b2006-21055 _91054 |
||
| 035 | _a(NLR Aleph) 000817560 | ||
| 090 |
_a1280446 _c1280446 |
||
| 100 | _a20050805d2005 |||y0rusy50 ca | ||
| 101 | 0 |
_arus _dfre |
|
| 102 | _aRU | ||
| 105 | _aa ||||||||| | ||
| 200 | 1 |
_aРусская семья в водовороте "Великого перелома" _eписьма О.А. Толстой-Воейковой _f[сост., подгот. текста, вступ. ст., коммент. Жобер В.] |
|
| 210 |
_aСанкт-Петербург _cНестор-История _d2005 |
||
| 215 |
_a441,[2] с., [16] л. ил., портр., факс. _d21 |
||
| 300 | _aРез. на фр. яз. | ||
| 320 | _aИмен. указ.: с. 430-442 | ||
| 600 | 1 |
_aТолстая-Воейкова _bО.А. _f1856 - 1936 _gОльга Александровна _jПереписка _92386283 _3RU\NLR\auth\661423368 |
|
| 686 | _aТ3(2)71-8,013 | ||
| 702 | 1 |
_aЖобер _bВ. _gВероника _4220 |
|
| 801 | 0 |
_aRU _bNLR _c20050805 _grcr |
|
| 801 | 1 |
_aRU _bNLR _c20050805 |
|
| 830 | _aпо кн | ||
| 942 | _cBOOK | ||
| 980 | _aNB | ||